| 000 | 00346nam a2200133Ia 4500 | ||
|---|---|---|---|
| 008 | 200103s9999||||xx |||||||||||||| ||und|| | ||
| 040 | _aIMU-MPC | ||
| 082 | _aColumn-22 | ||
| 100 | _aFischer, W.L.F. | ||
| 245 | 0 | _aLogarithmic Tables of numbers and Trignometrical Functions | |
| 260 | _bD. Van Nostrand Company | ||
| 300 | _axxv,575 | ||
| 942 | _cBK | ||
| 999 |
_c6661 _d6661 |
||